[Event "DEM U10 2021"]
[Site "Willingen GER"]
[Date "2021.08.28"]
[Round "9"]
[White "Zimmer, Tim"]
[Black "Langer, Johann Leander"]
[Result "1-0"]
[Termination "normal"]
[Board "22"]
[WhiteElo "1013"]
[BlackElo "1047"]
[WhiteClock "00:40:12"]
[BlackClock "01:01:09"]
[PlyCount "61"]
[WhiteFideId "34603115"]
[BlackFideId "34607463"]
[EventCountry "GER"]
[EventRounds "11"]
[EventType "swiss"]
[EventDate "2021.08.22"]

1. e4 {[%clk 01:15:52]} {[%emt 00:00:07]} e5 {[%clk 01:15:53]} {[%emt
00:00:07]} 2. Nf3 {[%clk 01:15:42]} {[%emt 00:00:40]} Nc6 {[%clk 01:16:07]}
{[%emt 00:00:17]} 3. Bc4 {[%clk 01:15:23]} {[%emt 00:00:49]} Nf6 {[%clk
01:16:20]} {[%emt 00:00:16]} 4. d3 {[%clk 01:09:59]} {[%emt 00:05:55]} Bc5
{[%clk 01:16:33]} {[%emt 00:00:15]} 5. Nc3 {[%clk 01:09:37]} {[%emt 00:00:54]}
h6 {[%clk 01:16:22]} {[%emt 00:00:39]} 6. Be3 {[%clk 01:05:45]} {[%emt
00:04:23]} Bb6 {[%clk 01:16:33]} {[%emt 00:00:18]} 7. Qd2 {[%clk 01:04:24]}
{[%emt 00:01:52]} d6 {[%clk 01:16:21]} {[%emt 00:00:40]} 8. h3 {[%clk
01:03:41]} {[%emt 00:01:15]} Qe7 {[%clk 01:16:22]} {[%emt 00:00:24]} 9. Nd5
{[%clk 01:02:10]} {[%emt 00:02:06]} Nxd5 {[%clk 01:16:17]} {[%emt 00:00:34]}
10. Bxd5 {[%clk 01:00:49]} {[%emt 00:01:51]} Bd7 {[%clk 01:15:37]} {[%emt
00:01:07]} 11. c3 {[%clk 00:59:51]} {[%emt 00:01:33]} Be6 {[%clk 01:14:20]}
{[%emt 00:01:45]} 12. a4 {[%clk 00:55:36]} {[%emt 00:04:46]} Bxd5 {[%clk
01:13:36]} {[%emt 00:01:09]} 13. exd5 {[%clk 00:55:16]} {[%emt 00:00:56]} Bxe3
{[%clk 01:13:50]} {[%emt 00:00:15]} 14. fxe3 {[%clk 00:55:31]} {[%emt
00:00:16]} Nd8 {[%clk 01:13:04]} {[%emt 00:01:15]} 15. O-O {[%clk 00:55:05]}
{[%emt 00:00:56]} O-O {[%clk 01:13:13]} {[%emt 00:00:18]} 16. e4 {[%clk
00:45:21]} {[%emt 00:10:17]} Rb8 {[%clk 01:13:20]} {[%emt 00:00:22]} 17. g4
{[%clk 00:44:27]} {[%emt 00:01:24]} c6 {[%clk 01:13:18]} {[%emt 00:00:32]} 18.
c4 {[%clk 00:43:54]} {[%emt 00:01:04]} c5 {[%clk 01:13:08]} {[%emt 00:00:39]}
19. Qf2 {[%clk 00:42:59]} {[%emt 00:01:26]} Qf6 {[%clk 01:06:59]} {[%emt
00:01:58]} 20. Qg2 {[%clk 00:42:49]} {[%emt 00:05:21]} Qf4 {[%emt 00:00:51]}
21. Rae1 {[%emt 00:00:37]} b6 {[%clk 01:05:24]} {[%emt 00:00:36]} 22. Nh4
{[%clk 00:41:23]} {[%emt 00:01:57]} Qg5 {[%emt 00:01:02]} 23. Nf5 {[%emt
00:00:34]} a5 {[%clk 01:03:12]} {[%emt 00:01:06]} 24. h4 {[%clk 00:41:22]}
{[%emt 00:00:31]} Qg6 {[%clk 01:02:44]} {[%emt 00:00:55]} 25. Ne7+ {[%clk
00:41:48]} {[%emt 00:00:07]} Kh7 {[%clk 01:02:32]} {[%emt 00:00:38]} 26. Nxg6
{[%clk 00:42:12]} {[%emt 00:00:10]} Kxg6 {[%clk 01:02:28]} {[%emt 00:00:33]}
27. Qf3 {[%clk 00:42:10]} {[%emt 00:00:33]} Kh7 {[%clk 01:02:12]} {[%emt
00:00:45]} 28. g5 {[%clk 00:42:14]} {[%emt 00:00:27]} Rg8 {[%clk 01:01:56]}
{[%emt 00:00:44]} 29. Qf5+ {[%clk 00:42:10]} {[%emt 00:00:36]} g6 {[%clk
01:01:22]} {[%emt 00:01:02]} 30. Qf6 {[%clk 00:40:21]} {[%emt 00:02:21]} h5
{[%clk 01:01:09]} {[%emt 00:00:42]} 31. Qxd6 {[%clk 00:40:12]} {[%emt
00:00:40]} 1-0

[Event "DEM U10 2021"]
[Site "Willingen GER"]
[Date "2021.08.28"]
[Round "9"]
[White "Vinogradov, Ilia"]
[Black "Gulamzada, Elmir"]
[Result "1-0"]
[Termination "normal"]
[Board "23"]
[WhiteElo "1217"]
[BlackElo "1342"]
[WhiteClock "00:29:27"]
[BlackClock "00:01:12"]
[PlyCount "59"]
[WhiteFideId "34603166"]
[BlackFideId "34604332"]
[EventCountry "GER"]
[EventRounds "11"]
[EventType "swiss"]
[EventDate "2021.08.22"]

1. e4 {[%clk 01:15:57]} {[%emt 00:00:02]} e6 {[%clk 01:15:49]} {[%emt
00:00:11]} 2. d4 {[%clk 01:16:14]} {[%emt 00:00:14]} d5 {[%clk 01:15:41]}
{[%emt 00:00:38]} 3. exd5 {[%clk 01:15:48]} {[%emt 00:00:56]} exd5 {[%clk
01:15:57]} {[%emt 00:00:13]} 4. Nc3 {[%clk 01:13:11]} {[%emt 00:03:08]} Nf6
{[%clk 01:12:21]} {[%emt 00:04:06]} 5. Bg5 {[%clk 01:09:54]} {[%emt 00:03:47]}
Be7 {[%clk 01:05:58]} {[%emt 00:06:53]} 6. Nf3 {[%clk 01:08:15]} {[%emt
00:02:09]} h6 {[%clk 00:54:39]} {[%emt 00:11:50]} 7. Bh4 {[%clk 01:07:40]}
{[%emt 00:01:04]} Be6 {[%clk 00:48:39]} {[%emt 00:06:30]} 8. Bd3 {[%clk
01:07:09]} {[%emt 00:01:00]} Nc6 {[%clk 00:46:06]} {[%emt 00:03:04]} 9. O-O
{[%clk 01:06:10]} {[%emt 00:01:29]} O-O {[%clk 00:39:48]} {[%emt 00:06:48]} 10.
h3 {[%clk 01:03:53]} {[%emt 00:02:47]} Qd7 {[%clk 00:28:37]} {[%emt 00:11:42]}
11. Re1 {[%clk 01:01:54]} {[%emt 00:02:27]} Rfe8 {[%clk 00:19:10]} {[%emt
00:09:58]} 12. Qd2 {[%clk 00:58:48]} {[%emt 00:03:36]} Bf5 {[%clk 00:12:19]}
{[%emt 00:07:21]} 13. a3 {[%clk 00:54:32]} {[%emt 00:04:46]} Bxd3 {[%clk
00:06:59]} {[%emt 00:05:50]} 14. Qxd3 {[%clk 00:54:38]} {[%emt 00:00:24]} Rad8
{[%clk 00:06:03]} {[%emt 00:01:26]} 15. Rad1 {[%clk 00:50:44]} {[%emt
00:04:24]} a6 {[%clk 00:02:23]} {[%emt 00:04:10]} 16. Ne5 {[%clk 00:48:34]}
{[%emt 00:02:39]} Qd6 {[%clk 00:00:39]} {[%emt 00:02:15]} 17. Qf5 {[%clk
00:44:31]} {[%emt 00:04:33]} Qe6 {[%clk 00:00:42]} {[%emt 00:00:27]} 18. Qf3
{[%clk 00:41:26]} {[%emt 00:03:35]} Nxe5 {[%clk 00:00:54]} {[%emt 00:00:19]}
19. Rxe5 {[%clk 00:40:41]} {[%emt 00:01:14]} Qb6 {[%clk 00:01:08]} {[%emt
00:00:16]} 20. Bxf6 {[%clk 00:36:07]} {[%emt 00:05:02]} Bxf6 {[%clk 00:01:00]}
{[%emt 00:00:40]} 21. Nxd5 {[%clk 00:34:03]} {[%emt 00:02:34]} Qxb2 {[%clk
00:01:12]} {[%emt 00:00:19]} 22. Nxf6+ {[%clk 00:32:45]} {[%emt 00:01:46]} gxf6
{[%clk 00:01:31]} {[%emt 00:00:12]} 23. Qxf6 {[%clk 00:32:00]} {[%emt
00:01:15]} Qxc2 {[%clk 00:01:26]} {[%emt 00:00:35]} 24. Rde1 {[%clk 00:31:09]}
{[%emt 00:01:20]} Rf8 {[%clk 00:01:22]} {[%emt 00:00:35]} 25. R1e3 {[%clk
00:29:57]} {[%emt 00:01:42]} Kh7 {[%clk 00:00:32]} {[%emt 00:01:20]} 26. Rg3
{[%clk 00:29:17]} {[%emt 00:01:09]} Rg8 {[%clk 00:00:36]} {[%emt 00:00:26]} 27.
Qxf7+ {[%clk 00:29:00]} {[%emt 00:00:47]} Kh8 {[%clk 00:00:58]} {[%emt
00:00:09]} 28. Qf6+ {[%clk 00:28:51]} {[%emt 00:00:39]} Kh7 {[%clk 00:00:58]}
{[%emt 00:00:30]} 29. Re7+ {[%clk 00:29:04]} {[%emt 00:00:17]} Rg7 {[%clk
00:01:12]} {[%emt 00:00:16]} 30. Qxg7# {[%clk 00:29:27]} {[%emt 00:00:07]} 1-0

[Event "DEM U10 2021"]
[Site "Willingen GER"]
[Date "2021.08.28"]
[Round "9"]
[White "Moskalenko, Michael"]
[Black "Krüger, Moritz"]
[Result "1-0"]
[Termination "normal"]
[Board "25"]
[WhiteElo "1220"]
[BlackElo "1187"]
[WhiteClock "00:37:18"]
[BlackClock "00:52:47"]
[PlyCount "37"]
[WhiteFideId "34608877"]
[BlackFideId "34608923"]
[EventCountry "GER"]
[EventRounds "11"]
[EventType "swiss"]
[EventDate "2021.08.22"]

1. d4 {[%clk 01:15:58]} {[%emt 00:00:01]} d5 {[%clk 01:15:33]} {[%emt
00:00:27]} 2. c4 {[%clk 01:16:21]} {[%emt 00:00:07]} e6 {[%clk 01:15:52]}
{[%emt 00:00:11]} 3. Nf3 {[%clk 01:16:38]} {[%emt 00:00:12]} Nf6 {[%clk
01:16:13]} {[%emt 00:00:09]} 4. Bg5 {[%clk 01:16:48]} {[%emt 00:00:20]} Be7
{[%clk 01:16:08]} {[%emt 00:00:36]} 5. Nc3 {[%clk 01:16:37]} {[%emt 00:00:41]}
O-O {[%clk 01:16:27]} {[%emt 00:00:10]} 6. e3 {[%clk 01:16:00]} {[%emt
00:01:07]} h6 {[%clk 01:16:47]} {[%emt 00:00:10]} 7. Bf4 {[%clk 01:15:59]}
{[%emt 00:00:31]} Nbd7 {[%clk 01:15:03]} {[%emt 00:02:15]} 8. Bd3 {[%clk
01:14:33]} {[%emt 00:01:56]} c5 {[%clk 01:14:46]} {[%emt 00:00:47]} 9. cxd5
{[%clk 01:00:07]} {[%emt 00:14:56]} Nxd5 {[%clk 01:13:18]} {[%emt 00:01:59]}
10. Nxd5 {[%clk 00:59:12]} {[%emt 00:01:24]} exd5 {[%clk 01:11:27]} {[%emt
00:02:21]} 11. O-O {[%clk 00:58:17]} {[%emt 00:01:26]} b6 {[%clk 01:11:14]}
{[%emt 00:00:43]} 12. Rc1 {[%clk 00:53:31]} {[%emt 00:05:14]} Bb7 {[%clk
01:07:03]} {[%emt 00:04:41]} 13. Re1 {[%clk 00:53:41]} {[%emt 00:00:20]} Rc8
{[%clk 01:06:14]} {[%emt 00:01:20]} 14. b3 {[%clk 00:53:11]} {[%emt 00:01:01]}
Nf6 {[%clk 01:05:21]} {[%emt 00:01:22]} 15. Ne5 {[%clk 00:41:59]} {[%emt
00:11:42]} Nh5 {[%clk 01:03:43]} {[%emt 00:02:08]} 16. Qxh5 {[%clk 00:41:34]}
{[%emt 00:00:55]} Bg5 {[%clk 00:52:34]} {[%emt 00:11:38]} 17. Bxg5 {[%clk
00:40:28]} {[%emt 00:01:37]} Qxg5 {[%clk 00:52:29]} {[%emt 00:00:36]} 18. Qxg5
{[%clk 00:40:41]} {[%emt 00:00:16]} hxg5 {[%clk 00:52:47]} {[%emt 00:00:11]}
19. dxc5 {[%clk 00:37:18]} {[%emt 00:03:54]} 1-0

[Event "DEM U10 2021"]
[Site "Willingen GER"]
[Date "2021.08.28"]
[Round "9"]
[White "Akcapinar, Timur"]
[Black "Senel, Serdar"]
[Result "1/2-1/2"]
[Termination "normal"]
[Board "26"]
[WhiteElo "1216"]
[BlackElo "1179"]
[WhiteClock "00:04:58"]
[BlackClock "00:07:49"]
[PlyCount "66"]
[WhiteFideId "16287509"]
[BlackFideId "34608796"]
[EventCountry "GER"]
[EventRounds "11"]
[EventType "swiss"]
[EventDate "2021.08.22"]

1. e4 {[%clk 01:15:57]} {[%emt 00:00:03]} e5 {[%clk 01:15:52]} {[%emt
00:00:08]} 2. Nf3 {[%clk 01:16:21]} {[%emt 00:00:07]} Nc6 {[%clk 01:15:59]}
{[%emt 00:00:23]} 3. d4 {[%clk 01:16:41]} {[%emt 00:00:10]} exd4 {[%clk
01:15:20]} {[%emt 00:01:09]} 4. Bc4 {[%clk 01:14:01]} {[%emt 00:03:10]} d6
{[%clk 01:13:43]} {[%emt 00:02:07]} 5. Nxd4 {[%clk 01:13:14]} {[%emt 00:01:17]}
Ne5 {[%clk 01:11:17]} {[%emt 00:02:56]} 6. Bb3 {[%clk 01:10:43]} {[%emt
00:03:00]} Qh4 {[%clk 01:06:47]} {[%emt 00:05:00]} 7. Nc3 {[%clk 01:09:14]}
{[%emt 00:01:59]} Nf6 {[%clk 00:59:24]} {[%emt 00:07:54]} 8. O-O {[%clk
01:07:27]} {[%emt 00:02:17]} Nfg4 {[%clk 00:53:57]} {[%emt 00:05:56]} 9. h3
{[%clk 01:04:24]} {[%emt 00:03:34]} Nf6 {[%clk 00:51:34]} {[%emt 00:02:52]} 10.
f4 {[%clk 00:51:36]} {[%emt 00:13:18]} Ng6 {[%clk 00:44:03]} {[%emt 00:08:01]}
11. Qf3 {[%clk 00:42:19]} {[%emt 00:09:44]} Nh5 {[%clk 00:39:36]} {[%emt
00:05:01]} 12. Be3 {[%clk 00:36:19]} {[%emt 00:06:31]} Qg3 {[%clk 00:28:54]}
{[%emt 00:11:11]} 13. Qxg3 {[%clk 00:30:30]} {[%emt 00:06:20]} Nxg3 {[%clk
00:28:26]} {[%emt 00:00:57]} 14. Rf3 {[%clk 00:30:41]} {[%emt 00:00:18]} Nh5
{[%clk 00:27:16]} {[%emt 00:01:26]} 15. Re1 {[%clk 00:28:49]} {[%emt 00:02:35]}
Be7 {[%clk 00:25:20]} {[%emt 00:02:28]} 16. Bf2 {[%clk 00:24:48]} {[%emt
00:04:32]} Nhxf4 {[%clk 00:21:50]} {[%emt 00:03:48]} 17. Bg3 {[%clk 00:20:22]}
{[%emt 00:05:08]} Ne6 {[%clk 00:20:16]} {[%emt 00:02:03]} 18. Ndb5 {[%clk
00:15:53]} {[%emt 00:04:59]} Bd8 {[%clk 00:18:46]} {[%emt 00:02:01]} 19. Bxe6
{[%clk 00:11:10]} {[%emt 00:05:13]} Bxe6 {[%clk 00:18:10]} {[%emt 00:01:05]}
20. Nd5 {[%clk 00:11:02]} {[%emt 00:00:39]} O-O {[%clk 00:15:42]} {[%emt
00:11:05]} 21. Nbxc7 {[%clk 00:08:13]} {[%emt 00:03:19]} Bxc7 {[%clk 00:15:29]}
{[%emt 00:00:42]} 22. Nxc7 {[%clk 00:08:15]} {[%emt 00:00:29]} Rad8 {[%clk
00:14:10]} {[%emt 00:01:47]} 23. Nd5 {[%clk 00:06:16]} {[%emt 00:02:31]} Ne5
{[%clk 00:12:41]} {[%emt 00:01:59]} 24. Bxe5 {[%clk 00:05:17]} {[%emt
00:01:28]} dxe5 {[%clk 00:11:48]} {[%emt 00:01:23]} 25. Rd1 {[%clk 00:05:33]}
{[%emt 00:00:15]} f6 {[%clk 00:10:06]} {[%emt 00:02:11]} 26. Rfd3 {[%clk
00:05:41]} {[%emt 00:00:22]} Kf7 {[%clk 00:09:18]} {[%emt 00:01:17]} 27. g4
{[%clk 00:05:33]} {[%emt 00:00:40]} Rd7 {[%clk 00:08:28]} {[%emt 00:01:20]} 28.
Kf2 {[%clk 00:05:05]} {[%emt 00:00:59]} Rfd8 {[%clk 00:08:01]} {[%emt
00:00:56]} 29. Ke3 {[%clk 00:04:30]} {[%emt 00:01:05]} Bxd5 {[%clk 00:07:40]}
{[%emt 00:00:50]} 30. Rxd5 {[%clk 00:04:32]} {[%emt 00:00:29]} Rxd5 {[%clk
00:07:57]} {[%emt 00:00:13]} 31. Rxd5 {[%clk 00:04:59]} {[%emt 00:00:04]} Rxd5
{[%clk 00:08:12]} {[%emt 00:00:15]} 32. exd5 {[%clk 00:05:13]} {[%emt
00:00:16]} Ke7 {[%clk 00:07:58]} {[%emt 00:00:43]} 33. b4 {[%clk 00:04:58]}
{[%emt 00:00:45]} b5 {[%clk 00:07:49]} {[%emt 00:00:39]} 1/2-1/2

[Event "DEM U10 2021"]
[Site "Willingen GER"]
[Date "2021.08.28"]
[Round "9"]
[White "Grebita, Magnus"]
[Black "He, Saiqi"]
[Result "0-1"]
[Termination "normal"]
[Board "27"]
[WhiteElo "977"]
[BlackElo "1188"]
[WhiteClock "00:52:14"]
[BlackClock "01:05:22"]
[PlyCount "32"]
[WhiteFideId "34608958"]
[BlackFideId "16292723"]
[EventCountry "GER"]
[EventRounds "11"]
[EventType "swiss"]
[EventDate "2021.08.22"]

1. e4 {[%clk 01:15:54]} {[%emt 00:00:05]} e5 {[%clk 01:15:56]} {[%emt
00:00:05]} 2. Nf3 {[%clk 01:15:58]} {[%emt 00:00:24]} Nc6 {[%clk 01:16:17]}
{[%emt 00:00:10]} 3. Bc4 {[%clk 01:16:07]} {[%emt 00:00:21]} Bc5 {[%clk
01:16:36]} {[%emt 00:00:12]} 4. c3 {[%clk 01:15:41]} {[%emt 00:00:56]} Nf6
{[%clk 01:16:54]} {[%emt 00:00:11]} 5. d4 {[%clk 01:12:43]} {[%emt 00:03:28]}
exd4 {[%clk 01:17:04]} {[%emt 00:00:20]} 6. cxd4 {[%clk 01:11:43]} {[%emt
00:01:30]} Bb4+ {[%clk 01:17:22]} {[%emt 00:00:12]} 7. Bd2 {[%clk 01:11:32]}
{[%emt 00:00:41]} Nxe4 {[%clk 01:16:15]} {[%emt 00:01:38]} 8. Bxb4 {[%clk
01:07:49]} {[%emt 00:04:12]} Nxb4 {[%clk 01:15:42]} {[%emt 00:01:03]} 9. Bxf7+
{[%clk 01:07:26]} {[%emt 00:00:53]} Kxf7 {[%clk 01:14:55]} {[%emt 00:01:17]}
10. Qb3+ {[%clk 01:05:36]} {[%emt 00:02:20]} d5 {[%clk 01:14:40]} {[%emt
00:00:46]} 11. Ne5+ {[%clk 01:00:54]} {[%emt 00:05:11]} Ke8 {[%clk 01:12:11]}
{[%emt 00:02:58]} 12. Qxb4 {[%clk 01:00:27]} {[%emt 00:00:57]} Qg5 {[%clk
01:09:15]} {[%emt 00:03:27]} 13. g3 {[%clk 00:53:54]} {[%emt 00:07:03]} Qc1+
{[%clk 01:06:47]} {[%emt 00:02:59]} 14. Ke2 {[%clk 00:53:06]} {[%emt 00:01:17]}
Qxh1 {[%clk 01:06:03]} {[%emt 00:01:15]} 15. Qb5+ {[%clk 00:52:34]} {[%emt
00:01:01]} Kf8 {[%clk 01:05:03]} {[%emt 00:01:30]} 16. Qxd5 {[%clk 00:52:14]}
{[%emt 00:00:50]} Nxg3+ {[%clk 01:05:22]} {[%emt 00:00:12]} 0-1

[Event "DEM U10 2021"]
[Site "Willingen GER"]
[Date "2021.08.28"]
[Round "9"]
[White "Xu, Wanghan"]
[Black "Lange, Friedrich"]
[Result "1-0"]
[Termination "normal"]
[Board "28"]
[WhiteElo "1289"]
[BlackElo "861"]
[WhiteClock "00:54:21"]
[BlackClock "00:58:01"]
[PlyCount "67"]
[WhiteFideId "34608745"]
[BlackFideId "34608915"]
[EventCountry "GER"]
[EventRounds "11"]
[EventType "swiss"]
[EventDate "2021.08.22"]

1. e4 {[%clk 01:15:59]} {[%emt 00:00:01]} c5 {[%clk 01:15:43]} {[%emt
00:00:17]} 2. Nf3 {[%clk 01:16:08]} {[%emt 00:00:21]} Nc6 {[%clk 01:15:49]}
{[%emt 00:00:24]} 3. g3 {[%clk 01:16:18]} {[%emt 00:00:21]} g6 {[%clk
01:15:55]} {[%emt 00:00:23]} 4. Bg2 {[%clk 01:16:29]} {[%emt 00:00:19]} Nf6
{[%clk 01:15:50]} {[%emt 00:00:35]} 5. d3 {[%clk 01:16:48]} {[%emt 00:00:12]}
Bg7 {[%clk 01:15:52]} {[%emt 00:00:26]} 6. O-O {[%clk 01:16:44]} {[%emt
00:00:34]} O-O {[%clk 01:15:26]} {[%emt 00:00:30]} 7. c3 {[%clk 01:17:13]}
{[%emt 00:00:28]} d6 {[%clk 01:15:09]} {[%emt 00:00:47]} 8. Be3 {[%clk
01:15:34]} {[%emt 00:02:09]} Bd7 {[%clk 01:10:43]} {[%emt 00:04:55]} 9. Re1
{[%clk 01:14:04]} {[%emt 00:02:00]} Qc8 {[%clk 01:10:34]} {[%emt 00:00:40]} 10.
Qc2 {[%clk 01:10:31]} {[%emt 00:04:03]} Rb8 {[%clk 01:10:06]} {[%emt 00:00:57]}
11. d4 {[%clk 01:09:48]} {[%emt 00:01:14]} b6 {[%clk 01:09:34]} {[%emt
00:01:02]} 12. Nbd2 {[%clk 01:08:57]} {[%emt 00:01:21]} Qa6 {[%clk 01:09:18]}
{[%emt 00:00:46]} 13. Bf1 {[%clk 01:06:57]} {[%emt 00:02:30]} Qa5 {[%clk
01:08:52]} {[%emt 00:00:57]} 14. Nc4 {[%clk 01:06:49]} {[%emt 00:00:37]} Qa6
{[%clk 01:08:25]} {[%emt 00:00:57]} 15. Nxd6 {[%clk 01:06:42]} {[%emt
00:00:37]} Qa5 {[%clk 01:07:47]} {[%emt 00:01:08]} 16. Nc4 {[%clk 01:06:38]}
{[%emt 00:00:34]} Qa6 {[%clk 01:07:25]} {[%emt 00:00:52]} 17. dxc5 {[%clk
01:04:26]} {[%emt 00:02:42]} bxc5 {[%clk 01:06:46]} {[%emt 00:01:08]} 18. Bxc5
{[%clk 01:04:22]} {[%emt 00:00:34]} Qb5 {[%clk 01:06:42]} {[%emt 00:00:34]} 19.
Ba3 {[%clk 01:04:25]} {[%emt 00:00:27]} Qh5 {[%clk 01:05:42]} {[%emt 00:01:30]}
20. Bg2 {[%clk 01:04:20]} {[%emt 00:00:36]} Bg4 {[%clk 01:05:18]} {[%emt
00:00:54]} 21. Nh4 {[%clk 01:03:32]} {[%emt 00:01:18]} Rfd8 {[%clk 01:04:53]}
{[%emt 00:00:55]} 22. h3 {[%clk 01:03:09]} {[%emt 00:00:53]} Be6 {[%clk
01:04:03]} {[%emt 00:01:15]} 23. Ne3 {[%clk 01:00:32]} {[%emt 00:03:12]} g5
{[%clk 01:03:00]} {[%emt 00:01:32]} 24. Nhf5 {[%clk 00:59:29]} {[%emt
00:01:34]} Bxf5 {[%clk 01:02:20]} {[%emt 00:01:10]} 25. Nxf5 {[%clk 00:59:46]}
{[%emt 00:00:12]} Rb7 {[%clk 01:01:54]} {[%emt 00:00:57]} 26. Qe2 {[%clk
00:56:40]} {[%emt 00:03:36]} Qxe2 {[%clk 01:00:57]} {[%emt 00:01:26]} 27. Rxe2
{[%clk 00:56:59]} {[%emt 00:00:11]} Rbd7 {[%clk 01:00:36]} {[%emt 00:00:51]}
28. e5 {[%clk 00:54:11]} {[%emt 00:03:19]} Nh5 {[%clk 00:59:46]} {[%emt
00:01:18]} 29. Nxg7 {[%clk 00:53:54]} {[%emt 00:00:48]} Nxg7 {[%clk 00:58:51]}
{[%emt 00:01:24]} 30. Bxc6 {[%clk 00:54:18]} {[%emt 00:00:08]} Rd1+ {[%clk
00:58:59]} {[%emt 00:00:22]} 31. Rxd1 {[%clk 00:54:18]} {[%emt 00:00:30]} Rxd1+
{[%emt 00:00:08]} 32. Kg2 {[%emt 00:00:39]} h5 {[%clk 00:58:00]} {[%emt
00:00:41]} 33. Bxe7 {[%clk 00:54:09]} {[%emt 00:00:39]} f5 {[%clk 00:58:01]}
{[%emt 00:00:29]} 34. Bxg5 {[%clk 00:54:21]} {[%emt 00:00:19]} 1-0

[Event "DEM U10 2021"]
[Site "Willingen GER"]
[Date "2021.08.29"]
[Round "11"]
[White "Buchinger, Alexis"]
[Black "Shen, Tingrui"]
[Result "1-0"]
[Termination "normal"]
[Board "1"]
[WhiteElo "1578"]
[BlackElo "1508"]
[WhiteClock "00:30:52"]
[BlackClock "00:16:33"]
[PlyCount "69"]
[WhiteFideId "16287134"]
[BlackFideId "34603441"]
[EventCountry "GER"]
[EventRounds "11"]
[EventType "swiss"]
[EventDate "2021.08.22"]

1. e4 {[%clk 01:15:58]} {[%emt 00:00:03]} c5 {[%clk 01:15:41]} {[%emt
00:00:19]} 2. Nf3 {[%clk 01:16:24]} {[%emt 00:00:04]} g6 {[%clk 01:15:37]}
{[%emt 00:00:32]} 3. d4 {[%clk 01:16:50]} {[%emt 00:00:06]} cxd4 {[%clk
01:15:32]} {[%emt 00:00:34]} 4. Nxd4 {[%clk 01:17:15]} {[%emt 00:00:05]} Bg7
{[%clk 01:15:27]} {[%emt 00:00:34]} 5. c4 {[%clk 01:17:36]} {[%emt 00:00:10]}
Nc6 {[%clk 01:15:30]} {[%emt 00:00:26]} 6. Be3 {[%clk 01:18:02]} {[%emt
00:00:05]} Nf6 {[%clk 01:15:14]} {[%emt 00:00:45]} 7. Nc3 {[%clk 01:18:26]}
{[%emt 00:00:06]} Ng4 {[%clk 01:15:15]} {[%emt 00:00:29]} 8. Qxg4 {[%clk
01:18:27]} {[%emt 00:00:30]} Nxd4 {[%clk 01:15:29]} {[%emt 00:00:16]} 9. Qd1
{[%clk 01:18:49]} {[%emt 00:00:09]} e5 {[%clk 01:15:19]} {[%emt 00:00:38]} 10.
Bd3 {[%clk 01:18:35]} {[%emt 00:00:44]} O-O {[%clk 01:14:36]} {[%emt 00:01:13]}
11. O-O {[%clk 01:17:09]} {[%emt 00:01:56]} d6 {[%clk 01:14:02]} {[%emt
00:01:05]} 12. Ne2 {[%clk 01:15:45]} {[%emt 00:01:53]} Be6 {[%clk 01:08:31]}
{[%emt 00:06:02]} 13. b3 {[%clk 01:12:01]} {[%emt 00:04:14]} f5 {[%clk
01:04:58]} {[%emt 00:04:02]} 14. Bxd4 {[%clk 01:05:31]} {[%emt 00:07:00]} exd4
{[%clk 01:03:14]} {[%emt 00:02:14]} 15. exf5 {[%clk 01:03:52]} {[%emt
00:02:09]} Bxf5 {[%clk 00:55:41]} {[%emt 00:08:02]} 16. Bxf5 {[%clk 01:01:35]}
{[%emt 00:02:48]} Rxf5 {[%clk 00:49:35]} {[%emt 00:06:36]} 17. Nxd4 {[%clk
00:56:57]} {[%emt 00:05:08]} Rh5 {[%clk 00:43:21]} {[%emt 00:06:43]} 18. Rc1
{[%clk 00:54:11]} {[%emt 00:03:16]} Rxh2 {[%clk 00:38:39]} {[%emt 00:05:11]}
19. Kxh2 {[%clk 00:51:09]} {[%emt 00:03:32]} Qh4+ {[%clk 00:36:07]} {[%emt
00:03:03]} 20. Kg1 {[%clk 00:51:36]} {[%emt 00:00:03]} Bxd4 {[%clk 00:35:45]}
{[%emt 00:00:52]} 21. Rc2 {[%clk 00:43:06]} {[%emt 00:09:00]} Rf8 {[%clk
00:34:00]} {[%emt 00:02:14]} 22. Qd3 {[%clk 00:42:12]} {[%emt 00:01:26]} g5
{[%clk 00:29:33]} {[%emt 00:04:56]} 23. g3 {[%clk 00:38:36]} {[%emt 00:04:07]}
Qg4 {[%clk 00:28:18]} {[%emt 00:01:43]} 24. Kg2 {[%clk 00:38:05]} {[%emt
00:01:01]} Be5 {[%clk 00:25:40]} {[%emt 00:03:10]} 25. Rh1 {[%clk 00:37:18]}
{[%emt 00:01:16]} h5 {[%clk 00:24:31]} {[%emt 00:01:38]} 26. Qd5+ {[%clk
00:35:13]} {[%emt 00:02:37]} Rf7 {[%clk 00:22:34]} {[%emt 00:02:27]} 27. c5
{[%clk 00:32:37]} {[%emt 00:03:05]} h4 {[%clk 00:21:32]} {[%emt 00:01:32]} 28.
cxd6 {[%clk 00:30:30]} {[%emt 00:02:38]} hxg3 {[%clk 00:21:04]} {[%emt
00:00:58]} 29. f3 {[%clk 00:30:05]} {[%emt 00:00:55]} Qf5 {[%clk 00:19:22]}
{[%emt 00:02:11]} 30. Rc7 {[%clk 00:29:35]} {[%emt 00:00:59]} Bxd6 {[%clk
00:16:30]} {[%emt 00:03:22]} 31. Qxf7+ {[%clk 00:29:36]} {[%emt 00:00:29]} Qxf7
{[%clk 00:16:39]} {[%emt 00:00:21]} 32. Rxf7 {[%clk 00:30:02]} {[%emt
00:00:04]} Kxf7 {[%clk 00:16:50]} {[%emt 00:00:19]} 33. Rh7+ {[%clk 00:30:31]}
Ke6 {[%clk 00:16:31]} {[%emt 00:00:48]} 34. Rxb7 {[%clk 00:30:50]} {[%emt
00:00:13]} a5 {[%clk 00:16:33]} {[%emt 00:00:28]} 35. Rb5 {[%clk 00:30:52]}
{[%emt 00:00:28]} 1-0